00854 2200289 4500001002100000005001500021035002000036007000300056008004100059020002200100082001400122084001600136100003700152245006400189300003800253650002500291504003400316264004000350336002100390337003000411338002300441040002200464090002200486850001200508999002200520990002200542INLIS00000000088533320240710110220 a0010-0324000763ta240328s2023 yoia g ind d a978-602-376-826-404223a615.4 a615.4 TAT m0 aTatiana Siska WardaniePengarang10aManajemen farmasi & alat kesehatan /cTatiana Siska Wardani avi, 158 halaman :btabel ;c23 cm 4aFarmasi--xManajemen aBibliografi : halaman 153-15731aBantul :bPustaka Baru Press,c2023 2rdacontentateks 2rdamediaatanpa perantara 2rdacarrieravolume aYOPDYOGbinderda aCB-D.11 2023-4389 aYOPDYOG aCB-D.11/2023-4389 aCB-D.11/2023-4389